000 01089nam a22002777a 4500
001 BD-DhSAU 9278
003 BD-DhSAU
005 20260127165753.0
008 150613b2018 bg a|||| m||| 00| 0 eng d
040 _aBD-DhSAU
082 _222
_a635
_bB489
100 _aCHAKMA, BIJOYINEE
_eRegistration # 17-07864
245 _aEffect of growing media and water absorbents on growth, yield and nutritional outcome of green chilli in rooftop /
_bMS thesis
260 _aSher-e-Bangla Agricultural University :
_bDepartment of Horticulture,
_c2024.
300 _axii, 85p. :
_bill. ;
_c30 cm.
500 _aMS thesis of Department of Horticulture, Faculty of Agriculture, Sher-e-Bangla Agricultural University, Dhaka, Bangladesh
504 _aIncludes bibliographical reference.
590 _aNazmul
650 _agrowing media and water absorbents
650 _anutritional outcome
651 _agreen chilli in rooftop
700 _aProf. Dr. Abul Hasnat M. Solaiman
_eSuperviser
700 _aProf. Dr. Jasim Uddain
_eCo-superviser
942 _2ddc
_cTHESIS
999 _c18238
_d18237